01626nam a2200313 i 4500001001000000003000900010005001700019007000300036008004100039040003000080082001900110100005200129245012400181264005300305300002700358336002700385337003300412338002800445500002100473500007300494590002700567700005700594910001400651942001400665952012500679952024700804952024601051999001501297000003527DO-SdBNP20241030105829.0ta090710s1999 dr 001 0 spa d aDO-SdBNPbspacBNPHUerda 4axxxbS127l2221 a Sáez , José Luis,d1937-eautor4aut.962010aLino Zanini :bdiplomático y agente de cambio 1909 - 1997 /cJosé Luis Sáez, S.J. ; editor, Rafael Bello Peguero. 4aSanto Domingo :bEditora Amigo del Hogar,c1999. a67 páginas ;c21 cm. atextobtxt2rdacontent asin mediaciónbn2rdamedia avolumenbnc2rdacarrier aIncluye índice aIncluye referencias bibliográficas y notas al pie de las páginas aInventariado, 2024/ YL1 aBello Peguero, Rafael,d1932-2022eeditor4ed.92405 aYLockward 2ddccLBS1 00102ddc51708PDaBNPHUbPDcCTd2008-09-09eDeposito Legall0oBNPHU PD S127lp3527-10r2020-06-25w2020-06-25yLBS1 00102ddc51708PDaBNPHUbBNPHUcCTd2008-09-09eDonado por la Presidencia de la República Dominicana 2023.l0oBNPHU PD S127lp2024-3576r2024-06-18te. 2w2020-06-25yLBS1zPerteneció a la biblioteca personal de Emilio Cordero Michel. 00102ddc56708DSaBNPHUbBNPHUcCTd2024-10-30eDonado por la Presidencia de la República Dominicana 2023.l0oBNPHU DS S127lp2024-6273r2024-10-30te.3w2024-10-30yLBS1zPerteneció a la biblioteca personal de Emilio Cordero Michel. c3353d3353